Представление документа в формате MARC21

Поле Инд. ПП Название Значение
Тип записи a
Библиографический уровень b
001 Контрольный номер RU/IS/BASE/148580069
005 Дата корректировки 20200526074536.7
084 a Индекс другой классификации/Индекс ББК 60.561.9в631; 74.480.28в631
100 10 a Автор Терехов А. И.
245 00 a Заглавие Математическое моделирование процесса обучения и оценки знаний студентов при трудоустройстве
504 00 a Библиография Библиогр. ссылки
520 00 a Аннотация В статье рассматривается математическая модель, описывающая процесс обучения в условиях неточного измерения знаний студентов и "качества" учебных заведений, которая способна дать научную основу для проверки таких суждений
650 a Основная рубрика высшее образование
a Основная рубрика дидактика
a Основная рубрика математические методы
a Основная рубрика математическое моделирование
a Основная рубрика образование
a Основная рубрика профессиональное образование
a Основная рубрика социология
a Основная рубрика социология образования
653 00 a Ключевые слова методы социологических исследований
a Ключевые слова обучение
a Ключевые слова оценка знаний
a Ключевые слова профессиональная подготовка
a Ключевые слова социологические исследования
a Ключевые слова студенты
a Ключевые слова уровень образования
a Ключевые слова уровень профессиональных знаний
773 00 t Заглавие источника Вестник Московского университета. Серия 18, Социология и политология
d Дата издания источника 2000
g Прочая информация № 3. - С. 151 - 163
w Контрольный № источника RU/IS/BASE/144174158
901 t Тип документа b